|
|
|
|
| LEADER |
02300nam a22004697i 4500 |
| 001 |
34275 |
| 003 |
BD-DhAAL |
| 005 |
20211110150650.0 |
| 008 |
190702r20182014caua 000 0 eng d |
| 999 |
|
|
|c 40423
|d 40423
|
| 010 |
|
|
|a 2014498822
|
| 015 |
|
|
|a GBB421221
|2 bnb
|
| 016 |
7 |
|
|a 016635767
|2 Uk
|
| 020 |
|
|
|a 9781449335588 (pbk.)
|
| 020 |
|
|
|a 9789352134205
|
| 020 |
|
|
|a 1449335586 (pbk.)
|
| 035 |
|
|
|a (OCoLC)ocn881367580
|
| 040 |
|
|
|a NLE
|b eng
|c NLE
|e rda
|d OCLCO
|d OCLCF
|d YDXCP
|d UKMGB
|d BDX
|d BTCTA
|d CUD
|d COO
|d IUL
|d DLC
|d BD-DhAAL
|
| 042 |
|
|
|a lccopycat
|
| 050 |
0 |
0 |
|a QA76.73.J39
|b S555 2014
|
| 082 |
0 |
4 |
|a 005.2762
|2 23
|
| 100 |
1 |
|
|a Simpson, Kyle
|e author
|9 29905
|
| 245 |
1 |
0 |
|a Scope and closures /
|c Kyle Simpson ; editors, Simon St. Laurent and Brian MacDonald
|
| 246 |
1 |
4 |
|a Scope & closures :
|b You don't know JS
|
| 246 |
1 |
4 |
|a You don't know JavaScript :
|b Scope & closures
|
| 250 |
|
|
|a First edition.
|
| 260 |
|
|
|a Sebastopol, CA ;
|a Mumbai :
|b O'Reilly Media ;
|b Shroff Publishers and Distributors Pvt. Ltd.,
|c c2015 [reprinted 2018]
|
| 300 |
|
|
|a xii, 83 pages :
|b illustrations ;
|c 23 cm.
|
| 490 |
|
|
|a You don't know JS
|
| 520 |
|
|
|a This concise yet in-depth guide takes you inside scope and closures, two core concepts you need to know to become a more efficient and effective JavaScript programmer. You'll learn how and why they work, and how an understanding of closures can be a powerful part of your development skillset.
|
| 526 |
|
|
|a CSE
|
| 541 |
|
|
|a Hay Trade International
|e 34275, 34276
|
| 650 |
|
0 |
|a Java (Computer program language)
|9 29906
|
| 650 |
|
7 |
|a Java (Computer program language).
|9 29906
|
| 650 |
|
7 |
|a Computer science.
|9 42488
|
| 700 |
|
|
|a St. Laurent, Simon
|e editor
|9 29927
|
| 700 |
|
|
|a MacDonald, Brian
|e editor
|9 29928
|
| 830 |
|
|
|a You don't know JS
|9 29959
|
| 852 |
|
|
|a Ayesha Abed Library
|c General Stacks
|
| 942 |
|
|
|2 ddc
|c BK
|
| 952 |
|
|
|0 0
|1 0
|2 ddc
|4 0
|6 005_276200000000000_SIM
|7 0
|9 65015
|a BRACUL
|b BRACUL
|c GEN
|d 2019-01-31
|e Hay Trade International
|g 308.00
|l 4
|m 37
|o 005.2762 SIM
|p 3010034275
|r 2026-05-20
|s 2026-03-30
|t 1
|v 308.00
|w 2019-01-31
|y BK
|
| 952 |
|
|
|0 0
|1 0
|2 ddc
|4 0
|6 005_276200000000000_SIM
|7 0
|9 65016
|a BRACUL
|b BRACUL
|c GEN
|d 2019-01-31
|e Hay Trade International
|g 308.00
|l 3
|m 24
|o 005.2762 SIM
|p 3010034276
|r 2025-06-22
|s 2024-12-09
|t 2
|v 308.00
|w 2019-01-31
|y BK
|